[Event "Bahn-chGT"]
[Site "Winterberg"]
[Date "2004.09.30"]
[Round "5"]
[White "Rosenthal, Rudolf"]
[Black "Heller, Helmut"]
[Result "1/2-1/2"]
[WhiteElo "1695"]
[BlackElo "1481"]
[PlyCount "48"]
[EventDate "2004.09.26"]
[EventType "swiss"]
[EventRounds "7"]
[EventCountry "GER"]
[SourceTitle "EXT 2013"]
[Source "ChessBase"]
[SourceDate "2012.11.22"]
[SourceVersion "1"]
[SourceVersionDate "2012.11.22"]
[SourceQuality "1"]

1. c4 c5 2. Nc3 Nc6 3. e3 e6 4. d4 cxd4 5. exd4 Nf6 6. Nf3 Bb4 7. Bd2 a6 8. Bd3 0-0 9. 0-0 Re8 10. a3 Bxc3 11. Bxc3 d5 12. b3 Qc7 13. Qc2 h6 14. Ne5 dxc4 15. bxc4 Nxe5 16. dxe5 Nd7 17. Rae1 b6 18. f4 Qc5+ 19. Kh1 Qxa3 20. Be4 Rb8 21. Qd2 a5 22. Rf3 Qe7 23. Rg3 Bb7 24. Bb2 Qc5 1/2-1/2

[Event "Bahn-chGT"]
[Site "Winterberg"]
[Date "2004.09.26"]
[Round "1"]
[White "Haase, Reinhard"]
[Black "Rosenthal, Rudolf"]
[Result "1-0"]
[WhiteElo "2003"]
[BlackElo "1695"]
[PlyCount "89"]
[EventDate "2004.09.26"]
[EventType "swiss"]
[EventRounds "7"]
[EventCountry "GER"]
[SourceTitle "EXT 2013"]
[Source "ChessBase"]
[SourceDate "2012.11.22"]
[SourceVersion "1"]
[SourceVersionDate "2012.11.22"]
[SourceQuality "1"]

1. c4 e5 2. Nc3 Nf6 3. Nf3 Nc6 4. e4 Bc5 5. Nxe5 Bxf2+ 6. Kxf2 Nxe5 7. d4 Nfg4+ 8. Kg1 Qh4 9. Qd2 Ng6 10. Nd5 Qd8 11. Qg5 Nf6 12. Nxf6+ Qxf6 13. Qxf6 gxf6 14. Bd2 d6 15. Bd3 Rg8 16. Kf2 Bd7 17. b4 c5 18. b5 cxd4 19. Rhd1 Ne5 20. Bf4 h5 21. Be2 Be6 22. Rxd4 Ke7 23. Rad1 Rgd8 24. Bxh5 Nxc4 25. Rc1 Rac8 26. Be2 Ne5 27. a4 b6 28. h4 Rxc1 29. Bxc1 Rc8 30. Ba3 Rc2 31. Bxd6+ Ke8 32. Ke3 Rc3+ 33. Bd3 Nc4+ 34. Kf4 Nxd6 35. Rxd6 Ra3 36. Rd4 Bb3 37. h5 Rxa4 38. Rxa4 Bxa4 39. Kf5 Kf8 40. Kxf6 Kg8 41. e5 Bd1 42. h6 Bb3 43. g4 Be6 44. g5 Bd7 45. Bc4 1-0

[Event "Bahn-chG"]
[Site "Bad Laasphe"]
[Date "1994.10.15"]
[Round "7"]
[White "Rosenthal, Rudolf"]
[Black "Richard, Clemens"]
[Result "1-0"]
[WhiteElo "1785"]
[BlackElo "1785"]
[PlyCount "69"]
[EventDate "1994.10.09"]
[EventType "swiss"]
[EventRounds "7"]
[EventCountry "GER"]
[SourceTitle "EXT 1999"]
[Source "ChessBase"]
[SourceDate "1998.11.16"]
[SourceVersion "1"]
[SourceVersionDate "1998.11.16"]
[SourceQuality "1"]

1. c4 Nf6 2. Nc3 g6 3. g3 Bg7 4. Bg2 0-0 5. Nf3 d6 6. b3 e5 7. Bb2 Nc6 8. 0-0 Bd7 9. a3 Rb8 10. e3 a6 11. d4 exd4 12. Nxd4 Nxd4 13. Qxd4 Ng4 14. Qd2 Re8 15. h3 Ne5 16. Nd5 Bxh3 17. Bxe5 Bxg2 18. Bxg7 Bxf1 19. Bf6 Qd7 20. Rxf1 c6 21. Nf4 h5 22. Kg2 d5 23. Qd4 Qf5 24. cxd5 Re4 25. Qc3 cxd5 26. Bh8 d4 27. Bxd4 Rc8 28. Qb2 Kh7 29. Rc1 Ree8 30. Rxc8 Rxc8 31. Qe2 Rc1 32. e4 Qd7 33. Nd5 Rc6 34. Nf6+ Rxf6 35. Bxf6 1-0

[Event "Bahn-chG"]
[Site "Bad Laasphe"]
[Date "1994.10.13"]
[Round "5"]
[White "Rosenthal, Rudolf"]
[Black "Mattern, Markus"]
[Result "0-1"]
[WhiteElo "1785"]
[BlackElo "1970"]
[PlyCount "82"]
[EventDate "1994.10.09"]
[EventType "swiss"]
[EventRounds "7"]
[EventCountry "GER"]
[SourceTitle "EXT 1999"]
[Source "ChessBase"]
[SourceDate "1998.11.16"]
[SourceVersion "1"]
[SourceVersionDate "1998.11.16"]
[SourceQuality "1"]

1. e4 e6 2. Nf3 d5 3. exd5 exd5 4. d4 Bd6 5. Nc3 c6 6. Be2 Ne7 7. 0-0 0-0 8. a3 a5 9. Bd3 Bf5 10. Bg5 f6 11. Bh4 Bxd3 12. Qxd3 Na6 13. Ne2 Qc7 14. Bg3 Rfe8 15. Rac1 b5 16. Bxd6 Qxd6 17. Ng3 Qf4 18. Rfe1 Nc7 19. Re3 g6 20. Rce1 Kf7 21. Qd2 Qd6 22. R3e2 Ng8 23. Rxe8 Nxe8 24. Re3 Ng7 25. Ne1 Ne7 26. Nd3 Nef5 27. Nxf5 Nxf5 28. Rh3 h5 29. c3 Rg8 30. Rf3 Kg7 31. Nf4 Qd7 32. Qd3 Re8 33. g3 Re4 34. Ng2 Qe6 35. Ne3 Nh6 36. Kg2 h4 37. h3 f5 38. Nf1 g5 39. Re3 f4 40. gxf4 gxf4 41. Rf3 Nf7 0-1

[Event "Bahn-chG"]
[Site "Bad Laasphe"]
[Date "1994.10.10"]
[Round "2"]
[White "Schubert, Gerhard"]
[Black "Rosenthal, Rudolf"]
[Result "1-0"]
[WhiteElo "1980"]
[BlackElo "1785"]
[PlyCount "59"]
[EventDate "1994.10.09"]
[EventType "swiss"]
[EventRounds "7"]
[EventCountry "GER"]
[SourceTitle "EXT 1999"]
[Source "ChessBase"]
[SourceDate "1998.11.16"]
[SourceVersion "1"]
[SourceVersionDate "1998.11.16"]
[SourceQuality "1"]

1. d4 d5 2. c4 c6 3. Nc3 g6 4. Bf4 Bg7 5. e3 e6 6. cxd5 exd5 7. Nf3 Ne7 8. Be2 Bf5 9. 0-0 Nd7 10. b4 Nf8 11. a4 Ne6 12. Be5 f6 13. Bg3 0-0 14. Qb3 Kh8 15. b5 c5 16. dxc5 Nxc5 17. Qb4 Rc8 18. Rfd1 Ne4 19. Nxe4 Bxe4 20. Rac1 Nf5 21. Nd4 Nxd4 22. Qxd4 Rxc1 23. Rxc1 Rf7 24. Qxa7 Re7 25. Qb8 Qxb8 26. Bxb8 h5 27. a5 Bf5 28. a6 bxa6 29. bxa6 d4 30. a7 1-0